000 00365nam a22001697a 4500
003 OSt
005 20211206160738.0
008 211206b |||||||| |||| 00| 0 eng d
015 _q02560118154
040 _cHU
082 _a658
100 _aTREWAINA
_921885
245 _aMANAGEMENT
260 _aLONDON
_bINC
_c1996
300 _a569
942 _2ddc
_cBOOKS
_n0
999 _c21565
_d21565